| 000 | 00706nam a2200229 a 4500 | ||
|---|---|---|---|
| 999 |
_c8399 _d8399 |
||
| 001 | 8399 | ||
| 003 | BD-JhCC | ||
| 005 | 20180222174320.0 | ||
| 008 | 180222s2000 bg a|||| ||a| 000 0 be d | ||
| 020 | _a9845550142 | ||
| 035 | _a(BD-JhCC)8399 | ||
| 040 |
_aBD-JhCC _dBD-JhCC |
||
| 041 | _aben | ||
| 082 |
_a792 _bSHA 2000 |
||
| 100 | _aসারোয়ার,গোলাম. | ||
| 245 |
_aমঞ্চব্যস্থাপনা / _cগোলাম সারোয়ার. |
||
| 260 |
_aঢাকা : _bবাংলাদেশ শিল্পকলা একাডেমী ; _c2000. |
||
| 300 |
_a152 p. : _bill; _c21 cm. |
||
| 651 | _astage Mangement. | ||
| 942 |
_2lcc _cBK |
||